000
00317nam a22001457a 4500
008
221005b ||||| |||| 00| 0 eng d
020
_a
9781609139711
041
_a
eng
080
_a
61
082
_a
61 SAD
100
_a
1
101
_a
MJEKSI
245
_a
SYNOPSIS OF PSYCHIATRY
_c
SADOCK .B.J
942
_2
udc
_c
BK
999
_c
58357
_d
58357